000
00308 a2200133 4500
001
155466
040
_c
Escola São Tomás de Aquino
100
_a
COELHO, Ronaldo Simões
240
1
0
_a
O pato poliglota
_l
por
245
1
0
_a
O pato poliglota
362
0
_a
2017
697
_a
*LITERATURA INFANTO
942
_c
BK
999
_c
155466
_d
155466